000 01438nam a22003977a 4500
003 CHAP
005 20220329143413.0
008 090421s2007 mx a r 00010 spa d
010 _a96089
011 _a97061
020 _a9789682467448
035 _a107721
040 _cCHAP
082 0 4 _a375.5
_bSe36
100 1 _aSefchovich, Galia
_9103594
245 1 0 _aHacia una pedagogía de la creatividad:
_bexpresión plástica
_c/por Galia Sefchovich y Gilda Waisburd
250 _a4 ed.
260 _aMéxico, D.F. :
_bTrillas,
_c2007
300 _a149 p. :
_bilus., cuadros
590 _aBATCH-UPD
_b10
_c20130110
_lUCH01
_h0329
590 _aBATCH-UPD
_b10
_c20130110
_lUCH01
_h1730
590 _aBATCH-UPD
_b10
_c20130410
_lUCH01
_h0002
590 _aBATCH-UPD
_b10
_c20130914
_lUCH01
_h1057
590 _aCONVERSION
_b10
_c20130109
_lUCH01
_h1353
650 1 4 _aCreatividad.
_928870
650 1 4 _aEducación
_xEstudio y enseñanza.
_935443
650 1 4 _aEnseñanza
_xMetodología.
_937086
650 1 4 _aImaginación.
_957446
650 1 4 _aPensamiento creativo.
_986731
700 1 _aWaisburd, Gilda
_9120813
901 _aBK
942 _cLIBRO
949 _a375.5 Se36
_bBC
_cLIBRO
_d33724002058157
_eTS1
_gI.c/e
_h110353
_i107721
_si
_t$140.00
949 _a375.5 Se36
_bBC
_cLIBRO
_d33724002089629
_eLIBRO
_fc.2
_gI.c/e
_h110354
_i107721
_sb
_t$140.00
949 _a375.5 Se36
_bBC
_cLIBRO
_d33724002089660
_eLIBRO
_fc.3
_gI.c/e
_h110355
_i107721
_sb
_t$140.00
999 _c96089
_d96089